| 000 | 00462cam a2200193ua 4500 | ||
|---|---|---|---|
| 001 | 7613 | ||
| 008 | 141218n ii |||gr||||Z||||||ben | ||
| 040 | _cMAIN | ||
| 041 | _aben | ||
| 082 | _a891.441 | ||
| 100 |
_aGhosh, S., _eAuthor. |
||
| 245 | 1 |
_aKabitar muhutra _cBy Sankha Ghosh |
|
| 250 | _a1st. | ||
| 260 |
_aCalcutta: _bAnustop, _c1991. |
||
| 300 | _a131p. | ||
| 653 | _aEast Indo-European & Celtic literatures | ||
| 653 | _aBengali poems | ||
| 942 | _cBK | ||
| 999 |
_c6735 _d6735 |
||